Comando suicida = Back Door to Hell /
Un comando de tres soldados norteamericanos tiene la misión de reconocer el terreno en Luzón, Filipinas, durante los últimos meses de la Segunda Guerra Mundial y enviar a sus superiores reportes radiofónicos sobre los movimientos de los ocupantes japoneses en la isla. Estos últimos se dan cuenta de...
Guardado en:
| Autor principal: | |
|---|---|
| Otros autores: | , , , , , , , , |
| Formato: | |
| Idioma: | Inglés |
| Publicado: |
Los Angeles, EUA :
Twentieth Century Fox [distribución],
2006, c2006
|
| Temas: | |
| Etiquetas: |
Sin etiquetas, Sé el primero en etiquetar este registro!
|
MARC
| LEADER | 00000ngm^a2200000^a^4500 | ||
|---|---|---|---|
| 001 | 000304320 | ||
| 005 | 20250521000000.0 | ||
| 009 | 20260310112713.588 | ||
| 037 | |a Acervo ITESO - Biblioteca | ||
| 041 | |a ING | ||
| 082 | |a 810. |b MON | ||
| 100 | |a Hellman, Monte |e (realización) | ||
| 240 | 1 | 1 | |a [Comando suicida] |
| 245 | 1 | 0 | |a Comando suicida = |b Back Door to Hell / |c Realización de M. Hellman. |
| 246 | 2 | |a Título en la cubierta: Back Door to Hell | |
| 246 | 2 | |a Título en la pantalla: Comando suicida | |
| 264 | 4 | |a Los Angeles, EUA : |b Twentieth Century Fox [distribución], |c 2006, c2006 | |
| 300 | |a 1 DVD región 1 (70 min.) : |b blanco y negro | ||
| 336 | |a imagen móvil bidimensional |b tdi |2 rdacontenido | ||
| 337 | |a video |b v |2 rdamedio | ||
| 338 | |a videodisco |b vd |2 rdasoporte | ||
| 520 | |a Un comando de tres soldados norteamericanos tiene la misión de reconocer el terreno en Luzón, Filipinas, durante los últimos meses de la Segunda Guerra Mundial y enviar a sus superiores reportes radiofónicos sobre los movimientos de los ocupantes japoneses en la isla. Estos últimos se dan cuenta de la presencia de las fuerzas aliadas y toman como rehenes a los niños de una escuela, como presión para que los filipinos arresten y entreguen a los norteamericanos. Los soldados no se amedrentan y, con apoyo de los grupos de la resistencia local, luchan en contra de los invasores. Tercer largometraje dirigido por el cineasta norteamericano Monte Hellman, filmado en locaciones filipinas, al igual que la inmediatamente precedente Viaje a la ira (Flight to Fury, 1964). | ||
| 546 | |a En inglés, con subtítulos opcionales: español, inglés | ||
| 546 | |a Doblaje opcional: español | ||
| 649 | |a XX | ||
| 650 | |a Militares en el Cine | ||
| 650 | |a Militares Norteamericanos | ||
| 650 | |a Fuerzas Armadas - |z EUA - |x Historia - |y 1933-1945 | ||
| 650 | |a Películas Bélicas | ||
| 650 | |a Cine en Blanco y Negro - |z EUA | ||
| 650 | |a Cine Norteamericano - |y 1960-1969 | ||
| 650 | |a Cine Norteamericano - |y Siglo XX | ||
| 650 | |a Radio - |x Transmisores y Transmisión | ||
| 650 | |a Filipinas en el Cine | ||
| 650 | |a Filipinas - |x Historia - |y Ocupación Japonesa, 1941-1945 - |x Tema Principal | ||
| 650 | |a Filipinas - |x Historia - |y Siglo XX | ||
| 650 | |a EUA - |x Historia - |y 1933-1945 | ||
| 650 | |a EUA - |x Historia - |y Siglo XX | ||
| 650 | |a Guerra Mundial (Segunda), 1939-1945 - |x Historia - |x Movimientos Clandestinos | ||
| 650 | |a Guerra Mundial (Segunda), 1939-1945 - |x Historia - |x Tema Principal | ||
| 700 | |a Guttman, Richard A. |e (guión) | ||
| 700 | |a Hackett, John |e (guión) | ||
| 700 | |a Rasca, Nonong |e (fotógrafo) | ||
| 700 | |a Crisostomo, Fely |e (montaje) | ||
| 700 | |a Hellman, Monte |e (montaje) | ||
| 700 | |a Velarde, Mike |e (música) | ||
| 700 | |a Rodgers, Jimmie |e (actuación) | ||
| 700 | |a Nicholson, Jack |e (actuación) | ||
| 700 | |a Hackett, John |e (actuación) | ||
| 910 | |a Fondo General | ||
| 920 | |a Audiovisuales - DVDs | ||
| 940 | |a Películas | ||
| 905 | |a 302 | ||
| 901 | |a 0500199839 |b IT2 |c DVS |i C124369 |u 20250521 | ||
| 902 | |a https://opac.biblio.iteso.mx/vufind/Record/000304320 | ||